书目信息 |
| 题名: |
无机化学与化学分析实验
|
|
| 作者: | 赵滨 , 马林 , 沈建中 编著 | |
| 分册: | ||
| 出版信息: | 上海 复旦大学出版社 2008.08 |
|
| 页数: | 240页 | |
| 开本: | 26cm | |
| 丛书名: | ||
| 单 册: | ||
| 中图分类: | O61-33 , O652.1-33 | |
| 科图分类: | ||
| 主题词: | 无机化学--wu ji hua xue--实验--高等学校--教材 , 化学分析--hua xue fen xi--实验--高等学校--教材 | |
| 电子资源: | ||
| ISBN: | 978-7-309-06112-3 | |
| 000 | 01161nam0 2200313 450 | |
| 001 | 012009926577 | |
| 005 | 20090420144254.31 | |
| 010 | @a978-7-309-06112-3@dCNY28.00 | |
| 100 | @a20090420d2008 em y0chi0120 ea | |
| 101 | 0 | @achi |
| 102 | @aCN@b310000 | |
| 105 | @aa a 000yy | |
| 106 | @ar | |
| 200 | 1 | @a无机化学与化学分析实验@Awu ji hua xue yu hua xue fen xi shi yan@f赵滨 ... [等]主编@Fzhao bin...[deng] |
| 210 | @a上海@c复旦大学出版社@d2008.08 | |
| 215 | @a240页@c图@d26cm | |
| 300 | @a高等学校教材 | |
| 304 | @a题名页题 : 赵滨, 马林, 沈建中, 卫景德 | |
| 320 | @a有书目 (第239-240页) | |
| 330 | @a本书分为实验基础知识、实验内容、附录和参考文献四个部分,其中实验内容包括了无机制备实验、某些化学基本原理的验证及物理量的测定实验、定性定量分析实验和包含产品制备与分析的综合实验。 | |
| 606 | 0 | @a无机化学@Awu ji hua xue@x实验@x高等学校@j教材 |
| 606 | 0 | @a化学分析@Ahua xue fen xi@x实验@x高等学校@j教材 |
| 690 | @aO61-33@v4 | |
| 690 | @aO652.1-33@v4 | |
| 701 | 0 | @a赵滨@Azhao bin@4编著 |
| 701 | 0 | @a马林@Ama lin@4编著 |
| 701 | 0 | @a沈建中@Ashen jian zhong@4编著 |
| 801 | 0 | @aCN@bQSSK@c20090420 |
| 905 | @b737817-19@dO61-33@eZ295@f3 | |
| 无机化学与化学分析实验/赵滨 ... [等]主编.-上海:复旦大学出版社,2008.08 |
| 240页:图;26cm |
| 高等学校教材 |
| ISBN 978-7-309-06112-3:CNY28.00 |
| 本书分为实验基础知识、实验内容、附录和参考文献四个部分,其中实验内容包括了无机制备实验、某些化学基本原理的验证及物理量的测定实验、定性定量分析实验和包含产品制备与分析的综合实验。 |
| ● |
| 相关链接 |
|
|
|
正题名:无机化学与化学分析实验
索取号:O61-33/Z295
 
预约/预借
| 序号 | 登录号 | 条形码 | 馆藏地/架位号 | 状态 | 备注 |
| 1 | 737817 | 207378176 | 自科库401/401自科库 92排1列2层/ [索取号:O61-33/Z295] | 在馆 | |
| 2 | 737818 | 207378185 | 自科库401/401自科库 92排1列2层/ [索取号:O61-33/Z295] | 在馆 | |
| 3 | 737819 | 207378194 | 自科库401/401自科库 92排1列2层/ [索取号:O61-33/Z295] | 在馆 |